Score 0/25 Timer 07:00
2 Plays Today
% Correct
Yes, a building can't jump at all.
92.1%
Blueberries.
91.6%
Because he had the drumsticks.
91.6%
Feaster Sunday.
91.3%
A poultrygeist.
91.2%
Their belt buckles are on their hats.
90.9%
Pumpkin pi.
90.7%
Wing, wing.
90.6%
A mince spy.
90.4%
Plymouth Rock.
90.3%
The inside.
90.2%
He gave tanks.
90.1%
He wanted mashed potatoes.
89.9%
% Correct
They went on a peck-nic.
89.6%
They use fowl language.
89.3%
A turkey.
89.2%
If your father could see you now, he'd turn over in his gravy!
88.3%
Peck on someone your own size!
87.9%
They saw the turkey dressing.
87.6%
In the dictionary.
87.6%
Your nose.
87%
Peach gobbler.
85.9%
To hatchet.
85.7%
The letter 'G.'
85.3%
Your teeth.
78.6%

You're not logged in!

Compare scores with friends on all Sporcle quizzes.
OR
Log In

Sporcle TV

Today on Sporcle TV


Watch our educational content, quiz creation guides, and fun videos on Sporcle TV.

Show Comments

Extras

Top Quizzes Today


Score Distribution

Your Account Isn't Verified!

In order to create a playlist on Sporcle, you need to verify the email address you used during registration. Go to your Sporcle Settings to finish the process.

Report this User

Report this user for behavior that violates our Community Guidelines.

Details: